000 00367 a2200157 4500
001 61625
020 _a
040 _cAnchieta - Pituba
100 _aFiore, Mariano S. H. Di
240 1 0 _aAtlas de histologia
_lpor
245 1 0 _aAtlas de histologia
300 _a233
362 0 _a1969
650 4 _aBIOLOGIA, CIÊNICAS DA VIDA (CIÊNCIAS NATURAIS)
942 _cBK
999 _c61625
_d61625